000
00261nam a22001217a 4500
082
_a
8948123
_b
SAS/K
100
_a
MADAVOOR SASI
245
_a
KOOTTUKAR
260
_a
THRISSUR
_b
H&C PUBLISHING HOUSE
300
_a
48
650
_a
SHORT STORY
_z
KERALA
942
_c
BK
999
_c
1092
_d
1092